000 00918nam a2200277 i 4500
003 EG-GICUC
005 20260311124825.0
008 260311s1960 Le ||||fr|||| 000 0 eng d
040 _aEG-GiCUC
_beng
_cEG-GiCUC
_dEG-GiCUC
_eRda
082 0 4 _221
_a341.28
_bST . Z
092 0 4 _221
099 _aLaw1 11 341.28 ST . Z 1960
100 1 _aStevens, Richard P
_eAuthor.
245 1 0 _aZionism, South Africa and Apartheid: The Paradoxical Triangle /
_b
_cRichard P. Stevens.
_n
264 1 _aBeirut :
_bP. L. O. Research Center,
_c1960.
300 _a37page :
_billustration ;
_c 24 cm.
336 _2rda contenu
_a texte
337 _2rda medias
_aOrdinateur
338 _2 transporteur rda
_a Ressource en ligne
546 _aText in English
650 1 4 _aPublic international law
_2
651 1 _2
856 4 0 _uhttps://fll.law.cu.edu.eg/fulltext/bks/B11-08636.pdf
905 _a50
942 _2ddc
_cBK
_e21
_n0
999 _c66049
_d66049